000 00641cam a22002291 4500
001 sa 66001062
003 DLC
005 20260227112219.0
008 960920s196u pk 000 0 pusr
010 _asa 66001062
025 _aPL480:P-Pushto-158
035 _a(OCoLC)35598944
040 _aDLC
_cCLU
_dCLU
_dDLC
042 _apremarc
050 0 0 _aPK6820.J29
_bD4
100 0 _aJamāl.
245 1 0 _aḌer gham,
_bQiṣṣah da Muʼmin Khān Shīrīnạy.
_cWritten by Jamāl poet.
246 3 _aMuʼmin Khān Shīrīnạy
260 _aPishāwar,
_blslāmī Kutubʼkhānah
_c[196-?]
300 _a96 p.
_c18 cm.
500 _aPoems.
999 _c67570
_d67570